Leader xxxxxxxxxx
001 __ 102496/5/01
005 __ 20171120175620.088
010 0_ |a9789571063478|b第5冊 : 平裝|d新臺幣220元
042 __ |anbic
100 __ |a20171120d2016 k y0chiy50 b
101 0_ |achi
102 __ |atw
105 __ |aaf z 000ay
200 1_ |a時光當舖|h5|i思念物的港灣|dThe time pawnshop|f千川作|gOoi Choon Liang繪
205 __ |a一版
210 __ |a臺北市|c尖端出版|c家庭傳媒城邦分公司發行|d2016[民105]
215 0_ |a260面|c圖,圖版|d21公分
225 12 |a翼想本
510 1_ |aThe time pawnshop|zeng
517 1_ |a思念物的港灣|zchi
681 __ |a857.7|b877 v.5
700 _1 |a千川|4作
702 _1 |aOoi Choon Liang|4繪
801 _0 |atw|bLibDipper|c20171120|gCCR
|